000 01602cam a2200385 a 4500
001 EDZ0000018999
003 StDuBDS
005 20161031105122.0
006 m||||||||d||||||||
007 cr |||||||||||
008 110107s2006 caua fo 001|0|eng d
020 _a9781412952484 (ebook) :
_cNo price
040 _aStDuBDS
_beng
_cStDuBDS
_epn
049 _aAlfaisal Main Library
050 4 _aHM626
082 0 4 _a155.03
_222
245 0 0 _aEncyclopedia of human development
_h[electronic resource] /
_ceditor, Neil J. Salkind ; associate editor, Lewis Margolis managing editors, Kimberly DeRuyck and Kristin Rasmussen.
260 _aThousand Oaks, Calif. ;
_aLondon :
_bSAGE,
_cc2006.
300 _a1 online resource (3 v. (xlii, 1516 p.)) :
_bill.
520 8 _aThe 'Encyclopedia of Human Development' presents state-of-the-art research and ready-to-use facts from the fields of psychology, individual and family studies and education.
521 _aSpecialized.
588 _aDescription based on print version record.
504 _aIncludes bibliographical references and index.
650 0 _aSocial evolution
_vEncyclopedias.
650 0 _aHuman evolution
_vEncyclopedias.
650 0 _aDevelopmental psychology
_vEncyclopedias.
650 0 _aHuman behavior
_vEncyclopedias.
655 7 _aElectronic books.
_2local
700 1 _aSalkind, Neil J.
700 1 _aMargolis, Lewis H.
710 2 _aSage eBooks
776 0 8 _iPrint version :
_z9781412904759
856 4 0 _uhttp://ezproxy.alfaisal.edu/login?url=http://sk.sagepub.com/reference/humandevelopment
942 _2lcc
_cEBOOKS
999 _c479695
_d479695